[Event "SC Kreuzberg IM 2018"]
[Site "Berlin"]
[Date "2018.08.08"]
[Round "3"]
[White "Berger, Steve"]
[Black "Glantz, Robert"]
[Result "1/2-1/2"]
[WhiteElo "2428"]
[BlackElo "2336"]
[Annotator "NA"]
[PlyCount "87"]
[EventDate "2018.08.06"]
[EventType "tourn"]
[EventCountry "GER"]
[SourceTitle "playchess.com"]
[Source "ChessBase"]
[SourceQuality "1"]

1. e4 c5 2. Nc3 Nc6 3. Nge2 e6 4. g3 Nf6 5. Bg2 Be7 6. O-O O-O 7. d4 cxd4 8. Nxd4 d6 9. Be3 a6 10. Qe2 Bd7 11. Nxc6 Bxc6 12. a4 Qc7 13. a5 Nd7 14. Rfd1 (14. Rfb1 {1/2-1/2 (24) Brunner,L (2475)-Vogt,L (2505) Berlin 1990}) 14... Kh8 15. Na4 Rae8 16. Nb6 f5 17. Nxd7 Qxd7 18. f3 fxe4 19. fxe4 Bf6 20. Rab1 Be5 21. c4 Qf7 22. b4 Qg6 23. Bd4 Bxd4+ 24. Rxd4 e5 25. Rd2 Rf6 26. b5 Bd7 27. Qe3 Ref8 28. bxa6 bxa6 29. c5 Bb5 30. cxd6 Rxd6 31. Qc5 Rdf6 32. Qxe5 Qf7 33. Qd4 Qc7 34. e5 Re6 35. Rf2 Rfe8 36. Qb4 Qe7 37. Qxe7 R6xe7 38. Rxb5 axb5 39. a6 g6 40. Bc6 Rb8 41. e6 Rb6 42. Rf7 Rxc6 43. Rxe7 Rxa6 44. Rb7 1/2-1/2

[Event "SC Kreuzberg IM 2018"]
[Site "Berlin"]
[Date "2018.08.08"]
[Round "3"]
[White "Malek, Daniel"]
[Black "Moritz, Aron"]
[Result "1-0"]
[WhiteElo "2383"]
[BlackElo "2199"]
[Annotator "NA"]
[PlyCount "61"]
[EventDate "2018.08.06"]
[EventType "tourn"]
[EventCountry "GER"]
[SourceTitle "playchess.com"]
[Source "ChessBase"]
[SourceQuality "1"]

1. d4 Nf6 2. c4 g6 3. Nc3 Bg7 4. e4 d6 5. Be2 O-O 6. Be3 e5 7. d5 a5 8. g4 Na6 9. g5 Nd7 10. h4 Ndc5 11. h5 (11. a3 Bd7 12. b3 f5 {1-0 (50) Bader,A (1897) -Wozniak,K (1692) Berlin 2016}) 11... c6 12. Qd2 Bd7 13. f3 Qe7 14. Nh3 Nb4 15. Nf2 cxd5 16. cxd5 Rfc8 17. Kf1 Na4 18. Kg2 Nxc3 19. bxc3 Na6 20. Rab1 Nc5 21. Bb5 Na4 22. Bxd7 Qxd7 23. Rbc1 Rc4 24. Ng4 Qe7 25. Qe1 f5 26. gxf6 Bxf6 27. hxg6 hxg6 28. Rh6 Qg7 29. Nxf6+ Qxf6 30. Qg3 Kg7 31. Bg5 1-0

[Event "SC Kreuzberg IM 2018"]
[Site "Berlin"]
[Date "2018.08.08"]
[Round "3"]
[White "Meissner, Felix"]
[Black "Brunello, Marina"]
[Result "0-1"]
[WhiteElo "2330"]
[BlackElo "2280"]
[Annotator "NA"]
[PlyCount "88"]
[EventDate "2018.08.06"]
[EventType "tourn"]
[EventCountry "GER"]
[SourceTitle "playchess.com"]
[Source "ChessBase"]
[SourceQuality "1"]

1. e4 c5 2. Nc3 d6 3. d4 cxd4 4. Qxd4 Nc6 5. Qd2 (5. Bb5 Bd7 (5... Qd7 6. Bxc6 bxc6 7. Nf3 Nf6 8. O-O e5 9. Qd3 Be7 10. b3 O-O 11. Ba3 Rd8 12. Rad1 Qe6 13. Rfe1 Nh5 14. Ne2 a5 {1-0 (75) Durarbeyli,V (2476)-Gebigke,M (2232) Rijeka 2010}) (5... e5 6. Qd3 a6 7. Bc4 Be6 8. Bb3 Nb4 9. Qe2 Be7 10. Nf3 Nf6 11. Bg5 Qa5 12. a3 Nc6 13. O-O O-O 14. Bxe6 {1/2-1/2 (42) Kiesekamp,M (2315)-Bach,M (2297) Berlin 2009 IX. DBMM Schach [rs]}) 6. Bxc6 Bxc6 7. Bg5 h6 8. Be3 {1/2-1/2 (24) Loxine,J (2403)-Tari,A (2450) Berlin 2014}) 5... Nf6 6. b3 e6 7. Bb2 Be7 8. O-O-O a6 9. f3 b5 10. Kb1 h5 11. Nh3 Bd7 12. Ng5 b4 13. Ne2 a5 14. h4 a4 15. Nc1 Qa5 16. f4 Na7 17. Bc4 Nb5 18. Bxb5 Bxb5 19. Qd4 Bc6 20. Nd3 axb3 21. axb3 Bb7 22. Rhe1 O-O 23. Kc1 Rfc8 24. Re2 Ba6 25. Re3 Rab8 26. Rg3 Rc6 27. Kd2 e5 28. Qa7 Rxc2+ 29. Ke1 Qb6 30. Qxb6 Rxb6 31. fxe5 dxe5 32. Bxe5 Ng4 33. Bd4 Rbc6 34. Rd2 f6 35. Rxc2 Rxc2 36. Ne6 Bd6 37. Rf3 Nh2 38. Re3 Rxg2 39. e5 fxe5 40. Nxe5 Bxe5 41. Bxe5 Ng4 42. Re4 Bd3 43. Rxb4 Re2+ 44. Kd1 Nf2+ 0-1

[Event "SC Kreuzberg IM 2018"]
[Site "Berlin"]
[Date "2018.08.08"]
[Round "3"]
[White "Barath, Madhan"]
[Black "Kalinitschew, Sergey"]
[Result "0-1"]
[WhiteElo "2307"]
[BlackElo "2430"]
[Annotator "NA"]
[PlyCount "50"]
[EventDate "2018.08.06"]
[EventType "tourn"]
[EventCountry "GER"]
[SourceTitle "playchess.com"]
[Source "ChessBase"]
[SourceQuality "1"]

1. e4 e6 2. d4 d5 3. Nc3 Nf6 4. e5 Nfd7 5. f4 c5 6. Nf3 Nc6 7. Be3 Be7 8. Qd2 O-O 9. O-O-O c4 10. f5 b5 11. Ne2 exf5 12. Nf4 Nb6 13. Qf2 (13. Nh5 f4 14. Bxf4 Bg4 15. Ng3 Na4 16. Qe1 c3 17. b3 Qa5 18. Rd3 Ba3+ 19. Kb1 Bb2 20. h3 Nb6 21. hxg4 Nc4 22. Rxc3 Bxc3 23. Bd3 h6 24. Bxh6 {1/2-1/2 (24) Cvek,R (2512)-Luther, T (2594) Bonn 2006}) 13... Be6 14. Qg3 Kh8 15. Nh5 Rg8 16. Ng5 Bxg5 17. Bxg5 Qf8 18. Qh4 Na4 19. c3 b4 20. Re1 bxc3 21. Re3 cxb2+ 22. Kb1 f4 23. Nxf4 Bf5+ 24. Nd3 Nc3+ 25. Kxb2 Nd1+ 0-1

[Event "SC Kreuzberg IM 2018"]
[Site "Berlin"]
[Date "2018.08.08"]
[Round "3"]
[White "Sandu, Mihaela"]
[Black "Muse, Drazen"]
[Result "1/2-1/2"]
[WhiteElo "2268"]
[BlackElo "2361"]
[Annotator "NA"]
[PlyCount "26"]
[EventDate "2018.08.06"]
[EventType "tourn"]
[EventCountry "GER"]
[SourceTitle "playchess.com"]
[Source "ChessBase"]
[SourceQuality "1"]

1. e4 d5 2. exd5 Qxd5 3. Nc3 Qd6 4. d4 Nf6 5. Nf3 a6 6. g3 Bg4 7. h3 Bh5 8. Bg2 (8. Bf4 Qb6 9. Bg2 Nc6 10. g4 Bg6 11. O-O O-O-O 12. Na4 Qa7 13. c4 Nxd4 14. Be3 Nxf3+ 15. Qxf3 Qb8 16. Nc5 e5 17. Qxb7+ Qxb7 18. Bxb7+ Kb8 19. Bxa6 Bxc5 20. Bxc5 Rd2 21. b4 Rhd8 22. a4 Ne4 23. Be3 Rb2 24. b5 Nd2 25. Rfd1 Be4 26. c5 Nf3+ 27. Kg2 Rxd1 28. Rxd1 Nd4+ 29. Kf1 Rb4 30. Bxd4 exd4 31. Re1 d3 32. f3 Bxf3 33. Re8+ Ka7 34. Rc8 d2 35. Rxc7+ Kb8 36. Rc8+ Ka7 37. Rc7+ Kb8 {½-½ (37) Schulz, T (1676)-Fock,A (1574) DEM U18w, Willingen 2017}) 8... Nc6 9. Be3 O-O-O 10. O-O e6 11. a3 Nd5 12. Nxd5 exd5 13. b4 f6 1/2-1/2

[Event "SC Kreuzberg IM 2018"]
[Site "Berlin"]
[Date "2018.08.05"]
[Round "4.1"]
[White "Brunello, Marina"]
[Black "Muse, Drazen"]
[Result "1-0"]
[WhiteElo "2280"]
[BlackElo "2361"]
[Annotator "NA"]
[PlyCount "125"]
[EventDate "2018.08.06"]
[EventType "tourn"]
[EventCountry "GER"]
[SourceTitle "playchess.com"]
[Source "ChessBase"]
[SourceQuality "1"]
[TimeControl "40/5400+30:1800+30"]

1. e4 {[%emt 1:30:24]} g6 {[%emt 1:30:08]} 2. d4 {[%emt 1:30:45]} Bg7 {[%emt 1:29:50]} 3. Nc3 {[%emt 1:30:07]} a6 {[%emt 1:30:14]} 4. Nf3 {[%emt 1:29:52]} d6 {[%emt 1:29:49]} 5. Be3 {[%emt 1:29:13]} Nd7 {[%emt 1:29:01]} 6. Bd3 {[%emt 1:27:08]} Ngf6 {[%emt 1:26:08]} 7. Qd2 {[%emt 1:21:43]} Ng4 {[%emt 1:25:14]} 8. Bg5 {[%emt 1:19:07]} h6 {[%emt 1:23:58]} 9. Bh4 {[%emt 1:19:24]} g5 {[%emt 1:23:56]} 10. Bg3 {[%emt 1:19:24]} c5 {[%emt 1:24:12]} 11. Ne2 {[%emt 1:12:54]} cxd4 {[%emt 1:21:30]} 12. Nfxd4 {[%emt 1:11:07]} Nc5 {[%emt 1:21:07]} 13. h4 {[%emt 1:08:33]} Ne5 {[%emt 1:15:30]} 14. hxg5 {[%emt 0:58:57]} hxg5 {[%emt 1:11:55]} 15. O-O-O {[%emt 0:56:25]} Rxh1 {[%emt 1:01:33]} 16. Rxh1 {[%emt 0:56:49]} Qb6 {[%emt 1:01:51]} 17. Rh7 {[%emt 0:43:27]} Bf6 {[%emt 0:58:10]} 18. Bxe5 {[%emt 0:40:59]} Nxd3+ {[%emt 0:57:51]} 19. Qxd3 {[%emt 0:40:53]} dxe5 {[%emt 0:58:01]} 20. Qc4 {[%emt 0:28:23]} e6 {[%emt 0:39:32]} 21. Nf5 {[%emt 0:28:04]} Bd7 {[%emt 0:39:43]} 22. Ne3 {[%emt 0:21:12]} Rc8 {[%emt 0:30:21]} 23. Qd3 {[%emt 0:17:24]} Bb5 {[%emt 0:28:19]} 24. Qd1 {[%emt 0:16:22]} Rd8 {[%emt 0:13:35]} 25. Qe1 {[%emt 0:16:47]} Be7 {[%emt 0:13:47]} 26. Ng4 {[%emt 0:14:59]} Qc5 {[%emt 0:12:46]} 27. Nc3 {[%emt 0:14:40]} Bc4 {[%emt 0:12:14]} 28. Nh6 {[%emt 0:11:42]} g4 {[%emt 0:11:28]} 29. Rh8+ {[%emt 0:08:26]} Kd7 {[%emt 0:09:26]} 30. Qd2+ {[%emt 0:08:28]} Qd4 {[%emt 0:09:45]} 31. Rxd8+ {[%emt 0:08:09]} Kxd8 {[%emt 0:09:57]} 32. Nxg4 {[%emt 0:06:34]} Ke8 {[%emt 0:09:40]} 33. Qh6 {[%emt 0:05:59]} b5 {[%emt 0:08:19]} 34. Qh8+ {[%emt 0:05:57]} Bf8 {[%emt 0:08:31]} 35. Qxe5 {[%emt 0:04:27]} Qxe5 {[%emt 0:08:57]} 36. Nxe5 {[%emt 0:04:53]} Bf1 {[%emt 0:09:20]} 37. g3 {[%emt 0:04:52]} Bg2 {[%emt 0:08:08]} 38. a3 {[%emt 0:04:07]} Bc5 {[%emt 0:08:02]} 39. Nd3 {[%emt 0:03:25]} Bd4 {[%emt 0:08:26]} 40. Ne2 {[%emt 0:03:04]} Bb6 {[%emt 0:08:49]} 41. e5 {[%emt 0:00:04]} Be4 {[%emt 0:07:18]} 42. f4 {[%emt 0:25:48]} Be3+ {[%emt 0:37:23]} 43. Kd1 {[%emt 0:26:15]} Bf3 {[%emt 0:37:41]} 44. Ke1 {[%emt 0:26:28]} Kd7 {[%emt 0:37:38]} 45. Nc3 {[%emt 0:26:31]} Kc7 {[%emt 0:37:29]} 46. Nd1 {[%emt 0:26:34]} Bd4 {[%emt 0:37:21]} 47. Kd2 {[%emt 0:26:46]} Kb7 {[%emt 0:37:24]} 48. Ne3 {[%emt 0:22:18]} Kc7 {[%emt 0:36:39]} 49. c3 {[%emt 0:21:43]} Bb6 {[%emt 0:36:58]} 50. Nb4 {[%emt 0:21:38]} Bb7 {[%emt 0:36:13]} 51. Nbc2 {[%emt 0:21:59]} Kd7 {[%emt 0:36:15]} 52. Nd4 {[%emt 0:22:18]} Be4 {[%emt 0:36:29]} 53. Ng4 {[%emt 0:22:07]} Bb1 {[%emt 0:35:54]} 54. Ke3 {[%emt 0:22:08]} Bc5 {[%emt 0:35:57]} 55. Nf6+ {[%emt 0:22:20]} Kc7 {[%emt 0:36:05]} 56. Ne4 {[%emt 0:21:25]} Bb6 {[%emt 0:35:42]} 57. b4 {[%emt 0:21:40]} Kd8 {[%emt 0:32:18]} 58. Nc5 {[%emt 0:21:14]} Bxc5 {[%emt 0:31:03]} 59. bxc5 {[%emt 0:21:39]} Ba2 {[%emt 0:30:36]} 60. g4 {[%emt 0:21:30]} Bd5 {[%emt 0:30:53]} 61. f5 {[%emt 0:21:22]} exf5 {[%emt 0:30:48]} 62. gxf5 {[%emt 0:20:54]} Kd7 {[%emt 0:30:54]} 63. Kf4 {[%emt 0:21:11]} 1-0

[Event "SC Kreuzberg IM 2018"]
[Site "Berlin"]
[Date "2018.08.05"]
[Round "4.2"]
[White "Moritz, Aron"]
[Black "Sandu, Mihaela"]
[Result "0-1"]
[WhiteElo "2199"]
[BlackElo "2268"]
[Annotator "NA"]
[PlyCount "110"]
[EventDate "2018.08.06"]
[EventType "tourn"]
[EventCountry "GER"]
[SourceTitle "playchess.com"]
[Source "ChessBase"]
[SourceQuality "1"]
[TimeControl "40/5400+30:1800+30"]

1. e4 {[%emt 1:30:27]} c5 {[%emt 1:30:27]} 2. Nf3 {[%emt 1:30:48]} d6 {[%emt 1:30:53]} 3. d4 {[%emt 1:31:13]} cxd4 {[%emt 1:31:20]} 4. Nxd4 {[%emt 1:31:37]} Nf6 {[%emt 1:31:46]} 5. Nc3 {[%emt 1:31:56]} a6 {[%emt 1:32:12]} 6. Be3 {[%emt 1:31:53]} e6 {[%emt 1:32:24]} 7. f4 {[%emt 1:31:44]} b5 {[%emt 1:32:33]} 8. Qf3 {[%emt 1:31:32]} Bb7 {[%emt 1:32:46]} 9. Bd3 {[%emt 1:31:24]} Nbd7 {[%emt 1:32:58]} 10. g4 {[%emt 1:30:44]} b4 {[%emt 1:29:44]} 11. Nce2 {[%emt 1:31:00]} Nc5 {[%emt 1:29:53]} 12. Ng3 {[%emt 1:31:18]} Nfd7 {[%emt 1:27:10]} 13. O-O {[%emt 1:21:05]} g6 {[%emt 1:21:34]} 14. g5 {[%emt 1:06:13]} Bg7 {[%emt 1:06:13]} 15. a3 {[%emt 0:59:05]} Nxd3 {[%emt 0:59:24]} 16. cxd3 {[%emt 0:59:27]} bxa3 {[%emt 0:59:35]} 17. bxa3 {[%emt 0:57:27]} O-O {[%emt 0:59:42]} 18. Rab1 {[%emt 0:56:05]} Rb8 {[%emt 0:58:32]} 19. Qf2 {[%emt 0:45:35]} Nc5 {[%emt 0:55:12]} 20. Nb3 {[%emt 0:44:07]} Na4 {[%emt 0:51:27]} 21. Ba7 {[%emt 0:41:15]} Rc8 {[%emt 0:50:05]} 22. Bd4 {[%emt 0:33:16]} e5 {[%emt 0:49:50]} 23. Be3 {[%emt 0:32:27]} exf4 {[%emt 0:48:12]} 24. Qxf4 {[%emt 0:32:07]} Be5 {[%emt 0:44:16]} 25. Qf2 {[%emt 0:31:00]} Nc3 {[%emt 0:43:53]} 26. Rbe1 {[%emt 0:28:42]} d5 {[%emt 0:40:39]} 27. Bc5 {[%emt 0:18:38]} Bd6 {[%emt 0:24:32]} 28. e5 {[%emt 0:17:58]} Be7 {[%emt 0:21:05]} 29. Bxe7 {[%emt 0:15:10]} Qxe7 {[%emt 0:21:30]} 30. Qf6 {[%emt 0:14:57]} Rc7 {[%emt 0:18:08]} 31. Nd4 {[%emt 0:12:38]} Bc8 {[%emt 0:17:31]} 32. Rc1 {[%emt 0:08:02]} Qc5 {[%emt 0:14:02]} 33. Rf4 {[%emt 0:08:18]} Qxa3 {[%emt 0:10:02]} 34. Rcf1 {[%emt 0:08:25]} Qe7 {[%emt 0:10:13]} 35. Rh4 {[%emt 0:05:50]} Qxf6 {[%emt 0:09:27]} 36. exf6 {[%emt 0:06:11]} Re8 {[%emt 0:08:57]} 37. Rff4 {[%emt 0:04:31]} Nd1 {[%emt 0:02:40]} 38. Rh6 {[%emt 0:00:52]} Rc1 {[%emt 0:02:57]} 39. Nde2 {[%emt 0:00:52]} Rb1 {[%emt 0:03:15]} 40. h3 {[%emt 0:00:21]} Nc3+ {[%emt 0:03:01]} 41. Kf2 {[%emt 0:27:15]} Nxe2 {[%emt 0:29:49]} 42. Rfh4 {[%emt 0:25:00]} Nxg3 {[%emt 0:27:40]} 43. Kxg3 {[%emt 0:25:25]} Rg1+ {[%emt 0:28:03]} 44. Kf4 {[%emt 0:25:38]} Rf1+ {[%emt 0:28:14]} 45. Kg3 {[%emt 0:26:03]} Rf5 {[%emt 0:28:25]} 46. Rxh7 {[%emt 0:24:02]} Rxg5+ {[%emt 0:28:40]} 47. Kf4 {[%emt 0:23:24]} Rf5+ {[%emt 0:28:34]} 48. Kg3 {[%emt 0:23:49]} Re3+ {[%emt 0:28:49]} 49. Kg2 {[%emt 0:24:12]} Rh5 {[%emt 0:29:05]} 50. Rg7+ {[%emt 0:24:10]} Kf8 {[%emt 0:28:15]} 51. Rxh5 {[%emt 0:22:40]} gxh5 {[%emt 0:28:31]} 52. Rh7 {[%emt 0:23:05]} Ke8 {[%emt 0:27:16]} 53. Rh8+ {[%emt 0:23:14]} Kd7 {[%emt 0:27:40]} 54. Rf8 {[%emt 0:23:40]} Re8 {[%emt 0:26:12]} 55. Rxf7+ {[%emt 0:24:04]} Ke6 {[%emt 0:26:39]} 0-1

[Event "SC Kreuzberg IM 2018"]
[Site "Berlin"]
[Date "2018.08.05"]
[Round "4.3"]
[White "Kalinitschew, Sergey"]
[Black "Malek, Daniel"]
[Result "1-0"]
[WhiteElo "2430"]
[BlackElo "2383"]
[Annotator "TA"]
[PlyCount "89"]
[EventDate "2018.08.06"]
[EventType "tourn"]
[EventCountry "GER"]
[SourceTitle "playchess.com"]
[Source "ChessBase"]
[SourceQuality "1"]

{[%evp 18,89,38,17,118,74,75,75,77,31,42,0,0,0,0,-7,0,0,0,-29,0,0,59,45,218,102,142,62,86,78,81,72,130,130,230,229,229,176,222,160,233,229,381,464,448,394,368,379,377,374,583,577,591,591,591,591,583,583,576,576,566,550,530,500,6199,5185,29978,29979,29961,1002,991,991,991,991]} 1. Nf3 d5 2. d4 Nf6 3. c4 e6 4. Nc3 Bb4 5. Bg5 dxc4 6. e4 {[%cal Be2e4,Be4e5][%mdl 32]} h6 7. Bxf6 Qxf6 8. Bxc4 c5 {[%cal Bc7c5,Bc5d4][%mdl 32]} 9. O-O {D39: Damengambit (Ragosin-Verteidigung)} cxd4 10. Nb5 {LiveBook: 18 Partien} (10. e5 Qd8 11. Ne4 O-O 12. Qe2 Be7 13. Rad1 Qc7 14. Bd3 Nd7 15. Rc1 Qa5 16. g4 Nxe5 17. Nxe5 Qxe5 {0-1 (37) Aronian,L (2794)-Caruana,F (2784) Berlin 2018}) 10... Na6 $146 (10... Qd8 $11 {hält das Gleichgewicht.}) ({Vorgänger:} 10... Qe7 11. Qxd4 O-O 12. Nxa7 Bc5 13. Nxc8 Rxc8 14. Qd3 Nc6 15. Qe2 Rd8 16. g3 Nd4 17. Nxd4 Rxd4 {½-½ (24) Shankland,S (2671)-Anton Guijarro,D (2646) Havana 2018}) 11. e5 {Weiß steht besser.} (11. Nfxd4 $6 O-O $11) 11... Qd8 12. Qe2 O-O 13. Rfd1 Bd7 14. Nfxd4 Qb6 15. a3 Bc5 16. b4 Bxd4 $1 17. Nxd4 Rfd8 18. b5 Nc5 19. a4 a5 ({Besser ist} 19... Qa5 $11) 20. Qe3 Qc7 $2 {[#]} (20... Be8 $14) 21. Be2 (21. Nc6 $1 $18 {und der Rest ist Schweigen.}) 21... Be8 22. Bf3 (22. Rac1 $16) 22... Qe7 23. Rdc1 Rac8 24. Rc4 f6 (24... b6 $142) 25. Rac1 $36 {[%mdl 2048] [#] Und exf6 würde nun gewinnen. Schwarz steht unter starkem Druck.} fxe5 (25... b6 $16) 26. Nc6 $1 $18 {[%cal Rc6e7]} (26. Qxe5 b6 $14) 26... Bxc6 27. Rxc5 (27. Qxc5 Qxc5 28. Rxc5 Bd7 $14) 27... Bd7 28. Qxe5 ({Aber nicht} 28. Bxb7 $2 Rxc5 29. Qxc5 Qxc5 $19) 28... Rxc5 (28... Qf6 $16 {war einen Versuch wert.} 29. Rd1 (29. Qxf6 gxf6 30. Rxc8 Rxc8 $16) 29... Be8) 29. Rxc5 Rc8 $2 (29... Qg5 {ist eine bessere Verteidigung.} 30. Qc3 (30. Bxb7 $2 Bc6 $19) 30... Qg6) 30. Rxc8+ Bxc8 31. Qb8 Qd7 32. h4 Kf7 33. b6 Ke7 (33... g5 $142 34. Qe5 Qd2 35. Qc7+ Qd7) 34. Qe5 Kd8 35. g3 Qe7 36. Kg2 Qd7 37. Qc5 Qe7 38. Qxa5 Qd6 39. Qa7 Qe7 40. Qb8 e5 (40... Qd7 $142 41. a5 Ke7) 41. a5 {[%cal Ba4a5,Ba5a6][%mdl 32]} h5 42. a6 e4 43. Qc7+ (43. Be2 $142 e3 44. a7 Qd7 45. Qe5 Qh3+ 46. Kg1 exf2+ 47. Kxf2 Qh2+ 48. Ke3 Qg1+ 49. Kd2 Qxb6 50. a8=Q Qh6+ 51. Ke1) 43... Qxc7 44. bxc7+ Kxc7 45. a7 {Precision: Weiß = 72%, Schwarz = 28%.} 1-0

[Event "SC Kreuzberg IM 2018"]
[Site "Berlin"]
[Date "2018.08.05"]
[Round "4.4"]
[White "Glantz, Robert"]
[Black "Barath, Madhan"]
[Result "0-1"]
[WhiteElo "2336"]
[BlackElo "2307"]
[Annotator "NA"]
[PlyCount "58"]
[EventDate "2018.08.06"]
[EventType "tourn"]
[EventCountry "GER"]
[SourceTitle "playchess.com"]
[Source "ChessBase"]
[SourceQuality "1"]
[TimeControl "40/5400+30:1800+30"]

1. Nf3 Nf6 {[%emt 1:30:25]} 2. b3 {[%emt 1:29:18]} d6 {[%emt 1:29:35]} 3. d4 {[%emt 1:28:42]} g6 {[%emt 1:25:14]} 4. Bb2 {[%emt 1:28:34]} Bg7 {[%emt 1:25:25]} 5. g3 {[%emt 1:28:40]} O-O {[%emt 1:25:29]} 6. Bg2 {[%emt 1:29:00]} c5 {[%emt 1:25:07]} 7. c4 {[%emt 1:24:00]} Nc6 {[%emt 1:18:19]} 8. O-O {[%emt 1:22:21]} Ne4 {[%emt 1:16:56]} 9. h3 {[%emt 1:02:55]} f5 {[%emt 0:55:36]} 10. e3 {[%emt 0:53:47]} e5 {[%emt 0:47:12]} 11. Na3 {[%emt 0:43:35]} exd4 {[%emt 0:42:47]} 12. exd4 {[%emt 0:43:56]} Ng5 {[%emt 0:26:12]} 13. Nc2 {[%emt 0:38:58]} f4 {[%emt 0:22:20]} 14. g4 {[%emt 0:32:52]} Nxh3+ {[%emt 0:13:13]} 15. Bxh3 {[%emt 0:33:16]} h5 {[%emt 0:13:36]} 16. Nh2 {[%emt 0:26:51]} f3 {[%emt 0:13:04]} 17. Re1 {[%emt 0:14:42]} hxg4 {[%emt 0:08:38]} 18. Kh1 {[%emt 0:10:11]} Qh4 {[%emt 0:06:17]} 19. Bxg4 {[%emt 0:06:05]} Bxg4 {[%emt 0:06:40]} 20. Rg1 {[%emt 0:05:59]} Bh3 {[%emt 0:05:11]} 21. Rg3 {[%emt 0:05:18]} Bg2+ {[%emt 0:03:05]} 22. Kg1 {[%emt 0:05:43]} Rf5 {[%emt 0:03:17]} 23. Rg4 {[%emt 0:03:07]} Qh3 {[%emt 0:01:31]} 24. Ne3 {[%emt 0:00:33]} Rh5 {[%emt 0:01:22]} 25. Rxg2 {[%emt 0:00:51]} fxg2 {[%emt 0:01:46]} 26. Neg4 {[%emt 0:01:13]} cxd4 {[%emt 0:00:25]} 27. Bc1 {[%emt 0:00:09]} Ne5 {[%emt 0:00:23]} 28. Bf4 {[%emt 0:00:03]} Nxg4 {[%emt 0:00:38]} 29. Qxg4 {[%emt 0:00:21]} Qxg4 {[%emt 0:01:04]} 0-1

[Event "SC Kreuzberg IM 2018"]
[Site "Berlin"]
[Date "2018.08.05"]
[Round "4.5"]
[White "Meissner, Felix"]
[Black "Berger, Steve"]
[Result "1/2-1/2"]
[WhiteElo "2330"]
[BlackElo "2428"]
[Annotator "NA"]
[PlyCount "21"]
[EventDate "2018.08.06"]
[EventType "tourn"]
[EventCountry "GER"]
[SourceTitle "playchess.com"]
[Source "ChessBase"]
[SourceQuality "1"]
[TimeControl "40/5400+30:1800+30"]

1. e4 {[%emt 1:30:25]} e6 {[%emt 1:30:21]} 2. d4 {[%emt 1:30:51]} d5 {[%emt 1:30:43]} 3. Nd2 {[%emt 1:31:17]} c5 {[%emt 1:30:55]} 4. exd5 {[%emt 1:31:36]} Qxd5 {[%emt 1:31:16]} 5. Ngf3 {[%emt 1:31:59]} cxd4 {[%emt 1:31:34]} 6. Bc4 {[%emt 1:32:18]} Qd7 {[%emt 1:31:55]} 7. O-O {[%emt 1:32:40]} Nc6 {[%emt 1:32:13]} 8. Nb3 {[%emt 1:32:51]} Nf6 {[%emt 1:32:04]} 9. Nbxd4 {[%emt 1:33:10]} Nxd4 {[%emt 1:32:19]} 10. Qxd4 {[%emt 1:33:16]} Qxd4 {[%emt 1:32:35]} 11. Nxd4 {[%emt 1:33:35]} 1/2-1/2

[Event "SC Kreuzberg IM 2018"]
[Site "Berlin"]
[Date "2018.08.05"]
[Round "5.1"]
[White "Berger, Steve"]
[Black "Brunello, Marina"]
[Result "1-0"]
[WhiteElo "2428"]
[BlackElo "2280"]
[Annotator "TA"]
[PlyCount "69"]
[EventDate "2018.08.06"]
[EventType "tourn"]
[EventCountry "GER"]
[SourceTitle "playchess.com"]
[Source "ChessBase"]
[SourceQuality "1"]

{[%evp 11,69,22,18,27,36,21,18,0,29,0,0,0,0,0,13,15,8,6,35,32,54,58,47,52,53,19,24,27,39,16,16,11,33,31,27,7,17,27,85,78,187,183,158,141,290,255,331,147,197,226,216,190,176,195,632,141,643,640,635,632]} 1. e4 c5 2. Nc3 a6 3. g3 Nc6 (3... b5 4. Bg2 Bb7 5. d3 e6 6. f4 Be7 7. Nh3 b4 8. Ne2 Nf6 9. O-O d6 10. Nf2 Nc6 11. c3 bxc3 12. bxc3 O-O 13. Rb1 Qc7 14. g4 {½-½ (44) Li,R (2583)-Kovalyov,A (2658) Philadelphia 2018}) 4. Nge2 g6 5. d4 cxd4 6. Nxd4 {B23: Closed Sicilian: Lines without g3} Bg7 {LiveBook: 3 Games} 7. Be3 {Strongly threatening Nd5.} d6 8. Nd5 $146 {And now Nxc6 would win.White is slightly better.} ({Predecessor:} 8. Bg2 Bd7 9. Nd5 Ne5 10. O-O e6 11. Nc3 {0-1 (43) Willemze,T (2391)-Burg,T (2449) Netherlands 2010}) 8... Rb8 9. Bg2 Nf6 10. Nb3 b5 11. h3 O-O 12. O-O Ne5 13. Ba7 Rb7 14. Bd4 Rd7 15. a4 e6 16. Nxf6+ Bxf6 17. axb5 axb5 18. Ra8 Bg7 19. Na5 Qc7 20. Qd2 Nc4 21. Nxc4 Qxc4 22. Bxg7 Kxg7 23. b3 Qc5 24. Ra5 $36 {[%mdl 2048] White has the initiative.} Rb7 (24... Qc6 $11 {keeps the balance.}) 25. c4 $16 {[%cal Bc2c4,Bc4b5,Bb5b6][%mdl 32]} Rb6 (25... e5 $16) 26. Rc1 $18 {Black must now prevent cxb5.} Qc7 27. Rxb5 Rxb5 (27... e5 $16 28. Qa5 Rc6 29. Qxc7 Rxc7) 28. cxb5 Qb6 29. Qc3+ (29. Rc6 $18 Qb8 30. b6) 29... Kg8 30. Qc6 Qb8 31. Rd1 Rd8 32. b6 d5 $2 (32... Bb7 33. Qc7 Kf8) 33. Qc7 $2 (33. exd5 $18 {is the precise move to win.} Bb7 34. Qc7) 33... Bb7 $2 {[%mdl 8192]} (33... Qxc7 $16 34. bxc7 Rd7 35. exd5 exd5) 34. exd5 exd5 {[#]} 35. Bxd5 $1 {[%mdl 512] Precision: White = 53%, Black = 36%.} 1-0